[Event "CN Seniori 2011"]
[Site "Sarata Monteoru"]
[Date "2011.02.14"]
[Round "4.8"]
[White "Badea Takacs, Bela"]
[Black "Ciobanu, Viorel Adrian"]
[Result "1-0"]
[WhiteElo "2493"]
[BlackElo "2240"]
[PlyCount "65"]
[EventDate "2011.02.12"]

1. Nf3 d5 2. b3 Nf6 3. Bb2 e6 4. c4 Be7 5. g3 O-O 6. Bg2 c5 7. e3 Qb6 8. Na3
Nc6 9. O-O d4 10. d3 Ne8 11. exd4 cxd4 12. Nc2 e5 13. Qe2 Bg4 14. h3 Bxf3 15.
Bxf3 Bd6 16. Rab1 Nf6 17. b4 Qd8 18. c5 Bc7 19. b5 Na5 20. Bg2 Re8 21. Nb4 Qe7
22. Ba3 Qe6 23. c6 bxc6 24. bxc6 e4 25. dxe4 Nc4 26. Bb2 Ba5 27. Bxd4 Rad8 28.
Bxf6 Rd2 29. Qh5 Qxf6 30. Qc5 Na3 31. Nd5 Rxd5 32. exd5 Nxb1 33. Qxa5 1-0

[Event "CN Seniori 2011"]
[Site "Sarata Monteoru"]
[Date "2011.02.13"]
[Round "2.30"]
[White "Pisu, Robert Daniel"]
[Black "Ciobanu, Viorel Adrian"]
[Result "1/2-1/2"]
[WhiteElo "1965"]
[BlackElo "2240"]
[PlyCount "31"]
[EventDate "2011.02.12"]

1. d4 d5 2. c4 e6 3. Nc3 Nf6 4. Bg5 Nbd7 5. e3 Be7 6. Nf3 O-O 7. Bd3 b6 8. cxd5
exd5 9. Ne5 Bb7 10. Qf3 Nxe5 11. dxe5 Nd7 12. Qh3 g6 13. Bxe7 Qxe7 14. f4 Rae8
15. O-O Nc5 16. Bc2 1/2-1/2

[Event "CN Seniori 2011"]
[Site "Sarata Monteoru"]
[Date "2011.02.12"]
[Round "1.32"]
[White "Ciobanu, Viorel Adrian"]
[Black "Lupu, Alexandru"]
[Result "1-0"]
[WhiteElo "2240"]
[BlackElo "1822"]
[PlyCount "63"]
[EventDate "2011.02.12"]

1. e4 c5 2. Nf3 Nc6 3. d4 cxd4 4. Nxd4 g6 5. Nc3 Bg7 6. Be3 Nf6 7. Nb3 O-O 8.
Be2 d6 9. Qd2 Bd7 10. O-O a6 11. a4 Ne5 12. f3 Rc8 13. Rfd1 Nc4 14. Bxc4 Rxc4
15. Qf2 Qc8 16. a5 Be6 17. Bd4 Nd7 18. Bxg7 Kxg7 19. Nc1 Rb4 20. Nd3 Rc4 21.
Rd2 Nc5 22. Ne2 Nxd3 23. cxd3 Rc2 24. Nc3 Rxd2 25. Qxd2 Qc6 26. d4 Qc4 27. Ra4
Qc7 28. f4 Bd7 29. Nd5 Qc6 30. Ra3 e6 31. Nb6 Qb5 32. Rh3 1-0

[Event "Superliga 2010_M"]
[Site "Baile Herculane"]
[Date "2010.09.12"]
[Round "9.22"]
[White "Ciobanu, Viorel Adrian"]
[Black "Svetushkin, Dmitry"]
[Result "0-1"]
[WhiteElo "2271"]
[BlackElo "2552"]
[PlyCount "72"]
[EventDate "2010.09.04"]

1. e4 c6 2. d4 d5 3. Nc3 dxe4 4. Nxe4 Bf5 5. Ng3 Bg6 6. Nf3 Nf6 7. Bd3 e6 8.
O-O Nbd7 9. b3 Be7 10. Bb2 O-O 11. c4 Qb6 12. Bxg6 hxg6 13. Qe2 a5 14. Ne5 Rad8
15. Rad1 a4 16. f4 axb3 17. axb3 Qxb3 18. Rf3 Qb6 19. Qc2 Rfe8 20. Rb3 Qc7 21.
c5 Nd5 22. Rb1 Rb8 23. Bc1 b5 24. Ne4 f5 25. Nxg6 fxe4 26. Rh3 Bf6 27. Qxe4 Nf8
28. Ne5 Ne7 29. g4 Ra8 30. Nf3 g6 31. Rg3 Qd7 32. h4 Qd5 33. Qe3 Qa2 34. Rb2
Qc4 35. Rf2 Ra1 36. Rf1 Nd5 0-1

[Event "Superliga 2010_M"]
[Site "Baile Herculane"]
[Date "2010.09.11"]
[Round "8.52"]
[White "Gilea, Lucian"]
[Black "Ciobanu, Viorel Adrian"]
[Result "1-0"]
[WhiteElo "2287"]
[BlackElo "2271"]
[PlyCount "75"]
[EventDate "2010.09.04"]

1. d4 d5 2. c4 e6 3. Nc3 c5 4. cxd5 exd5 5. Nf3 Nc6 6. g3 Nf6 7. Bg2 Be7 8. O-O
O-O 9. Bg5 cxd4 10. Nxd4 h6 11. Be3 Bg4 12. Qa4 Na5 13. Rad1 Nc4 14. Bc1 Nb6
15. Qb3 Rc8 16. h3 Bd7 17. e3 Rc4 18. a3 Qc8 19. Kh2 Bd6 20. Ndb5 Bb8 21. a4
Bxh3 22. Rd4 Rxd4 23. Nxd4 Bxg2 24. Kxg2 Qg4 25. Qd1 Qg6 26. b3 Ne4 27. Nce2
Nd7 28. Nf3 Ndf6 29. Bb2 Rc8 30. Qd3 Ng4 31. Nh4 Qh5 32. Nf4 Bxf4 33. exf4 Ngf6
34. f3 Nc5 35. Qc2 Rc6 36. Bxf6 Nd7 37. Qxc6 bxc6 38. g4 1-0

[Event "Superliga 2010_M"]
[Site "Baile Herculane"]
[Date "2010.09.10"]
[Round "7.12"]
[White "Thesing, Matthias"]
[Black "Ciobanu, Viorel Adrian"]
[Result "1/2-1/2"]
[WhiteElo "2432"]
[BlackElo "2271"]
[PlyCount "128"]
[EventDate "2010.09.04"]

1. e4 e5 2. Nf3 Nc6 3. Bb5 a6 4. Ba4 Nf6 5. O-O Be7 6. Re1 b5 7. Bb3 d6 8. c3
O-O 9. d4 Bg4 10. d5 Na5 11. Bc2 c6 12. h3 Bd7 13. Nxe5 dxe5 14. d6 Be6 15.
dxe7 Qxe7 16. Nd2 g6 17. Nf3 Rfd8 18. Qe2 Nd7 19. Ng5 Bc4 20. Qg4 Nf8 21. Qg3
f6 22. b3 Be6 23. Nxe6 Nxe6 24. Be3 c5 25. Bd1 Rd3 26. Rc1 Nf4 27. Qf3 Nc6 28.
h4 b4 29. g3 Ne6 30. cxb4 Ncd4 31. Qg2 cxb4 32. Qf1 Rc3 33. Rxc3 bxc3 34. Qc4
c2 35. Bg4 Kg7 36. Bxe6 Qxe6 37. Qxe6 Nxe6 38. Rc1 Rc8 39. Kf1 f5 40. exf5 gxf5
41. Ke2 f4 42. gxf4 exf4 43. Bd2 Kg6 44. Kd3 Kf5 45. b4 Kg4 46. Rxc2 Rxc2 47.
Kxc2 Kxh4 48. Kd3 Kg4 49. Ke2 Nd4+ 50. Kf1 Kf3 51. a4 Ke4 52. Kg2 h5 53. Bc3
f3+ 54. Kh3 Nf5 55. b5 axb5 56. axb5 Kd5 57. Bb4 Nd4 58. b6 Kc6 59. Kh4 Kxb6
60. Kxh5 Kb5 61. Bc3 Kc4 62. Bxd4 Kxd4 63. Kh4 Ke4 64. Kg3 Ke5 1/2-1/2

[Event "Superliga 2010_M"]
[Site "Baile Herculane"]
[Date "2010.09.09"]
[Round "6.52"]
[White "Ciobanu, Viorel Adrian"]
[Black "Parligras, Mircea Emilian"]
[Result "0-1"]
[WhiteElo "2271"]
[BlackElo "2601"]
[PlyCount "68"]
[EventDate "2010.09.04"]

1. e4 c5 2. Nf3 d6 3. d4 cxd4 4. Nxd4 Nf6 5. Nc3 a6 6. Be2 Nbd7 7. O-O e6 8. f4
b5 9. Bf3 Bb7 10. e5 Bxf3 11. Nxf3 dxe5 12. fxe5 Ng4 13. Qe2 b4 14. Ne4 Ngxe5
15. Bg5 Qb6+ 16. Kh1 Ng6 17. Rad1 h6 18. Be3 Qb7 19. Bd4 e5 20. Nfd2 f6 21. Nc4
Qc6 22. Bg1 Rd8 23. Ned6+ Bxd6 24. Nxd6+ Kf8 25. Qg4 Nf4 26. Rxf4 exf4 27. Qe6
Ne5 28. h3 f3 29. Rd5 fxg2+ 30. Kxg2 Qd7 31. Rxe5 fxe5 32. Qxe5 Qe7 33. Qf4+
Kg8 34. Ne4 Re8 0-1

[Event "Superliga 2010_M"]
[Site "Baile Herculane"]
[Date "2010.09.08"]
[Round "5.22"]
[White "Marin , Mihail"]
[Black "Ciobanu, Viorel Adrian"]
[Result "1-0"]
[WhiteElo "2575"]
[BlackElo "2271"]
[PlyCount "109"]
[EventDate "2010.09.04"]

1. d4 d5 2. c4 e6 3. Nf3 Nf6 4. e3 c5 5. cxd5 exd5 6. Bb5+ Bd7 7. Bxd7+ Nbxd7
8. dxc5 Bxc5 9. O-O O-O 10. Nc3 Nb6 11. b3 Qd7 12. Bb2 Rad8 13. Ne2 Ne4 14. Qc2
f6 15. Rad1 Bd6 16. Bd4 Nc8 17. Nc3 Nxc3 18. Qxc3 Rfe8 19. Rd3 Bb8 20. Rfd1 Qf5
21. Bc5 Rd7 22. Qd2 Red8 23. Rd4 Be5 24. Nxe5 Qxe5 25. h3 f5 26. Qe2 Ne7 27.
Bxe7 Rxe7 28. Qf3 Red7 29. h4 h6 30. h5 Kh8 31. g3 Rd6 32. Kg2 Kh7 33. b4 R8d7
34. a4 a6 35. a5 Rd8 36. Rc1 R6d7 37. Rc5 Kh8 38. Rf4 Rf7 39. Qd1 Qe6 40. Qc2
Kg8 41. b5 axb5 42. Rxb5 Qe8 43. Qb3 Qc6 44. Rb6 Qc5 45. Rxb7 Rxb7 46. Qxb7
Qxa5 47. Rxf5 Kh8 48. Qe7 Qa8 49. Kh2 Re8 50. Qc5 d4 51. Qxd4 Rd8 52. Qf4 Kh7
53. Qf3 Qa3 54. Rf7 Qb2 55. Rf8 1-0

[Event "Superliga 2010_M"]
[Site "Baile Herculane"]
[Date "2010.09.07"]
[Round "4.42"]
[White "Ciobanu, Viorel Adrian"]
[Black "Balog, Imre"]
[Result "0-1"]
[WhiteElo "2271"]
[BlackElo "2513"]
[PlyCount "128"]
[EventDate "2010.09.04"]

1. e4 e6 2. d4 d5 3. Nc3 Nf6 4. e5 Nfd7 5. f4 c5 6. Nf3 Nc6 7. Be3 a6 8. Qd2 b5
9. h4 Qb6 10. Rh3 cxd4 11. Nxd4 Nxd4 12. Bxd4 Bc5 13. O-O-O Bb7 14. Re3 Bc6 15.
Bxc5 Nxc5 16. Qd4 b4 17. Ne2 a5 18. f5 O-O-O 19. fxe6 fxe6 20. Nf4 Kb7 21. g3
Rhe8 22. Bh3 Re7 23. Kb1 Be8 24. a3 Ra8 25. c4 bxc3 26. Rxc3 Ne4 27. Qxb6+ Kxb6
28. Rb3+ Ka7 29. Rd4 Bd7 30. Bg2 a4 31. Re3 Nc5 32. Rc3 Rc8 33. Rb4 Ree8 34.
Bh3 Na6 35. Rxc8 Rxc8 36. Rd4 Nc5 37. Rd1 Kb6 38. Rc1 Re8 39. Bg2 Bc6 40. Bh3
Bb5 41. Rd1 Bc4 42. Bg2 Nb3 43. Bf3 Kc5 44. Bg4 d4 45. Kc2 g6 46. Bh3 Kc6 47.
Bg2+ Kb5 48. Be4 Rc8 49. Bd3 Nc5 50. Bxc4+ Kxc4 51. Re1 h6 52. Kb1 Rg8 53. Rc1+
Kb5 54. Rd1 g5 55. hxg5 hxg5 56. Ne2 d3 57. Nc3+ Kc4 58. Rf1 Rh8 59. Ka2 d2 60.
Kb1 Rh2 61. Kc2 d1=Q+ 62. Kxd1 Rxb2 63. Ne2 Rb1+ 64. Nc1 Nb3 0-1

[Event "Superliga 2010_M"]
[Site "Baile Herculane"]
[Date "2010.09.06"]
[Round "3.32"]
[White "Ionescu, Constantin"]
[Black "Ciobanu, Viorel Adrian"]
[Result "1/2-1/2"]
[WhiteElo "2423"]
[BlackElo "2271"]
[PlyCount "106"]
[EventDate "2010.09.04"]

1. d4 d5 2. c4 e6 3. Nc3 Nf6 4. Bg5 Be7 5. e3 Nbd7 6. Nf3 O-O 7. Rc1 c6 8. Bd3
b6 9. O-O Bb7 10. Qe2 a6 11. e4 h6 12. Bxf6 Bxf6 13. cxd5 cxd5 14. e5 Be7 15.
Bb1 Re8 16. Qe3 Rc8 17. Ne2 Nf8 18. Nf4 Qd7 19. h4 Qb5 20. b3 Rxc1 21. Rxc1 Rc8
22. Rxc8 Bxc8 23. Qc3 Qd7 24. g3 Bb7 25. Bd3 a5 26. a4 Bc6 27. Qa1 Bb4 28. Qf1
Qc7 29. Qc1 Qd7 30. Nh5 Be7 31. Qf4 Qd8 32. Nh2 g6 33. Nf6+ Bxf6 34. exf6 Nh7
35. Qxh6 Qxf6 36. Qe3 Qg7 37. Nf3 Qf6 38. Kg2 Be8 39. Qh6 Nf8 40. h5 Qe7 41.
hxg6 fxg6 42. Ne5 Qb4 43. Bxg6 Qxd4 44. Bxe8 Qxe5 45. Qh4 Qf5 46. Qd4 Nh7 47.
g4 Qg5 48. Bd7 Kf7 49. f3 Nf6 50. Bb5 e5 51. Qxb6 e4 52. Qc7+ Ke6 53. Qc6+ Ke7
1/2-1/2

[Event "Superliga 2010_M"]
[Site "Baile Herculane"]
[Date "2010.09.05"]
[Round "2.32"]
[White "Ciobanu, Viorel Adrian"]
[Black "Szabo, Gergely-Andras-Gyul"]
[Result "0-1"]
[WhiteElo "2271"]
[BlackElo "2552"]
[PlyCount "72"]
[EventDate "2010.09.04"]

1. e4 c5 2. Nf3 d6 3. d4 cxd4 4. Nxd4 Nf6 5. Nc3 a6 6. Be2 e6 7. O-O Be7 8. f4
Qc7 9. a4 Nc6 10. Kh1 O-O 11. Be3 Re8 12. Nb3 b6 13. Bf3 Bb7 14. Qd2 Bf8 15.
Qf2 Nd7 16. Rad1 Rab8 17. Nd4 Nb4 18. Rd2 Rbc8 19. Rfd1 Nc5 20. Nde2 Bc6 21.
Ng3 Qb7 22. Nh5 Nxe4 23. Nxe4 Bxe4 24. Bd4 e5 25. Bc3 Na2 26. Qg3 Nxc3 27. bxc3
Kh8 28. Rxd6 exf4 29. Qxf4 Bxd6 30. Rxd6 Bxf3 31. gxf3 Rxc3 32. Kg2 Rxc2+ 33.
Kg3 Qe7 34. Rxb6 Qe1+ 35. Kh3 Qf1+ 36. Kh4 Rc4 0-1

[Event "Superliga"]
[Site "?"]
[Date "2010.09.04"]
[Round "?"]
[White "Flumbort, Andras Dr"]
[Black "Ciobanu, Viorel Adrian"]
[Result "1-0"]
[WhiteElo "2550"]
[BlackElo "2271"]
[PlyCount "63"]
[EventDate "2010.??.??"]

1. Nf3 d5 2. d4 e6 3. c4 Nf6 4. g3 Be7 5. Bg2 O-O 6. O-O Nbd7 7. Qc2 c6 8. b3
b6 9. Rd1 Bb7 10. Nc3 Qc8 11. Bb2 Qc7 12. Rac1 Rad8 13. Ne5 dxc4 14. Nxc4 a6
15. e4 b5 16. Ne3 c5 17. e5 Ne8 18. Ne4 Bxe4 19. Qxe4 Qa5 20. d5 Qxa2 21. Qc2
c4 22. bxc4 Ba3 23. Bxa3 Qxa3 24. dxe6 fxe6 25. cxb5 axb5 26. Ra1 Qxa1 27. Rxa1
Nxe5 28. Qb3 Nc7 29. Qc3 Nc4 30. Nxc4 bxc4 31. Qxc4 Nd5 32. Re1 1-0

[Event "CAMPIONATUL NATIONAL INDIVIDUA"]
[Site "BAILE OLANESTI"]
[Date "2010.02.07"]
[Round "9.11"]
[White "Chirila, Ioan Cristian"]
[Black "Ciobanu, Viorel Adrian"]
[Result "1-0"]
[WhiteElo "2504"]
[BlackElo "2261"]
[PlyCount "75"]
[EventDate "2010.01.31"]

1. e4 e5 2. Nf3 Nc6 3. Bb5 Bc5 4. O-O Nf6 5. d3 d6 6. h3 h6 7. c3 O-O 8. Re1
Bb6 9. Nbd2 Ne7 10. Nf1 Ng6 11. Ng3 Be6 12. d4 c6 13. Ba4 Qc7 14. Bb3 Rfe8 15.
Qc2 Bxb3 16. axb3 d5 17. dxe5 Nxe5 18. Nd4 Rad8 19. f4 Ned7 20. e5 a6 21. Be3
Nh7 22. Qf2 Nhf8 23. Ngf5 Bxd4 24. cxd4 Re6 25. Ng3 Kh7 26. f5 Ree8 27. Nh5 f6
28. Qg3 Re7 29. Bf4 fxe5 30. dxe5 Qb6+ 31. Kh2 Rc8 32. e6 Nf6 33. Nxf6+ gxf6
34. Qh4 Rce8 35. Qxf6 Qf2 36. Qxh6+ Kg8 37. Be5 Nh7 38. Re3 1-0

[Event "CAMPIONATUL NATIONAL INDIVIDUA"]
[Site "BAILE OLANESTI"]
[Date "2010.02.06"]
[Round "8.23"]
[White "Stegariu, Alexandru"]
[Black "Ciobanu, Viorel Adrian"]
[Result "0-1"]
[WhiteElo "2042"]
[BlackElo "2261"]
[PlyCount "48"]
[EventDate "2010.01.31"]

1. d4 d5 2. c4 e6 3. Nc3 c5 4. e3 Nf6 5. Nf3 Nc6 6. Bd3 Be7 7. O-O O-O 8. Re1
a6 9. a4 b6 10. dxc5 bxc5 11. cxd5 exd5 12. Bf1 Bb7 13. e4 dxe4 14. Nxe4 Nxe4
15. Qxd8 Bxd8 16. Rxe4 Nd4 17. Rg4 h5 18. Rg3 Bc7 19. Rh3 Nb3 20. Rb1 Be4 21.
Ne1 Bxb1 22. Rxb3 Rad8 23. Be2 c4 24. Rc3 Ba5 0-1

[Event "CAMPIONATUL NATIONAL INDIVIDUA"]
[Site "BAILE OLANESTI"]
[Date "2010.02.05"]
[Round "7.25"]
[White "Ciobanu, Viorel Adrian"]
[Black "Bida, Mihai Eugen"]
[Result "1/2-1/2"]
[WhiteElo "2261"]
[BlackElo "2034"]
[PlyCount "54"]
[EventDate "2010.01.31"]

1. e4 c5 2. Nf3 Nc6 3. d4 cxd4 4. Nxd4 Nf6 5. Nc3 d6 6. Bc4 e6 7. Be3 Be7 8.
Qe2 a6 9. O-O-O O-O 10. Bb3 Qc7 11. Rhg1 b5 12. a3 Nd7 13. g4 Nc5 14. g5 Nxd4
15. Rxd4 e5 16. Kb1 exd4 17. Nd5 Qd8 18. Bxd4 Nxb3 19. cxb3 f6 20. g6 h6 21.
Be3 Re8 22. Bxh6 gxh6 23. g7 f5 24. Qh5 Bb7 25. Qxh6 Bxd5 26. Qh8+ Kf7 27. Qh5+
Kg8 1/2-1/2

[Event "CAMPIONATUL NATIONAL INDIVIDUA"]
[Site "BAILE OLANESTI"]
[Date "2010.02.04"]
[Round "6.13"]
[White "Manea, Alexandru"]
[Black "Ciobanu, Viorel Adrian"]
[Result "1-0"]
[WhiteElo "2400"]
[BlackElo "2261"]
[PlyCount "71"]
[EventDate "2010.01.31"]

1. e4 e5 2. Nf3 Nc6 3. Bc4 Bc5 4. c3 d6 5. d4 exd4 6. cxd4 Bb6 7. h3 Nf6 8. O-O
O-O 9. d5 Ne7 10. Nc3 Ng6 11. Re1 Re8 12. Bd2 Bd7 13. Qb3 Nh5 14. Bf1 h6 15.
Na4 Bxa4 16. Qxa4 Qf6 17. Bc3 Ne5 18. Nd4 g6 19. Re3 Re7 20. Rae1 Rae8 21. Qd1
a6 22. g3 Qg7 23. Kh2 Nf6 24. Bg2 h5 25. f4 Ned7 26. R3e2 Qh6 27. Qd2 Nc5 28.
e5 dxe5 29. fxe5 Qxd2 30. Bxd2 Nh7 31. Bb4 Nd3 32. Bxe7 Nxe1 33. d6 cxd6 34.
exd6 Nxg2 35. d7 Ra8 36. Rc2 1-0

[Event "CAMPIONATUL NATIONAL INDIVIDUAL MASCULI"]
[Site "?"]
[Date "2010.02.02"]
[Round "3.10"]
[White "Ciobanu, Viorel Adrian"]
[Black "Sofronie, Iulian"]
[Result "1/2-1/2"]
[WhiteElo "2261"]
[BlackElo "2457"]
[PlyCount "106"]
[EventDate "2010.??.??"]

1. e4 e5 2. Nf3 Nc6 3. Bc4 Nf6 4. d3 h6 5. Nc3 d6 6. Be3 Na5 7. h3 a6 8. Qe2 b5
9. Bb3 Nxb3 10. axb3 b4 11. Nb1 c5 12. Nbd2 g6 13. Nc4 Bg7 14. Qd2 Be6 15. O-O
g5 16. Ra2 O-O 17. Rfa1 Bc8 18. h4 g4 19. Bxh6 Bxh6 20. Qxh6 gxf3 21. gxf3 Nh7
22. Kh2 Qf6 23. Qxf6 Nxf6 24. Nxd6 Rd8 25. Nxc8 Rdxc8 26. Rxa6 Rxa6 27. Rxa6
Nh5 28. Kh3 Nf4+ 29. Kg4 Ne6 30. Kf5 Re8 31. c3 Rd8 32. Kxe5 Rxd3 33. f4 bxc3
34. bxc3 Nf8 35. Kf6 Rxc3 36. Ra8 Rxb3 37. Rc8 Rb6+ 38. Kf5 Kg7 39. Rxc5 Rb2
40. Kg4 Ne6 41. Rc4 Rxf2 42. e5 Rd2 43. f5 Rd4+ 44. Rxd4 Nxd4 45. Kf4 Nc6 46.
Ke4 Kh6 47. Kd5 Ne7+ 48. Ke4 Kh5 49. f6 Ng6 50. Kd5 Kg4 51. e6 Nf4+ 52. Kd6
Nxe6 53. Ke7 Kxh4 1/2-1/2

[Event "CAMPIONATUL NATIONAL INDIVIDUA"]
[Site "BAILE OLANESTI"]
[Date "2010.02.02"]
[Round "4.11"]
[White "Foisor, Ovidiu Doru"]
[Black "Ciobanu, Viorel Adrian"]
[Result "0-1"]
[WhiteElo "2420"]
[BlackElo "2261"]
[PlyCount "96"]
[EventDate "2010.01.31"]

1. c4 e5 2. g3 Nf6 3. Bg2 d5 4. cxd5 Nxd5 5. Nf3 Nc6 6. O-O Nb6 7. Nc3 Be7 8.
a3 a5 9. d3 Be6 10. Be3 O-O 11. Rc1 Nd5 12. Nxd5 Bxd5 13. Qa4 Bd6 14. Bc5 Ne7
15. e4 Bc6 16. Qc2 Ng6 17. Rfd1 Qf6 18. d4 Rfe8 19. dxe5 Bxe5 20. Nxe5 Qxe5 21.
f4 Qh5 22. h3 Rad8 23. Kh2 h6 24. Bd4 a4 25. Rd2 Nf8 26. Rcd1 Qa5 27. f5 Nh7
28. Bc3 Rxd2 29. Qxd2 Qb5 30. Qf4 Bxe4 31. Bf1 Qxf5 32. Qxf5 Bxf5 33. g4 Be4
34. Rd7 Bc6 35. Rxc7 Ng5 36. Bc4 Ne6 37. Bxe6 Rxe6 38. Rc8+ Kh7 39. Rf8 f6 40.
Rd8 Re2+ 41. Kg3 Kg6 42. Bd2 h5 43. gxh5+ Kxh5 44. h4 Kg6 45. Rd4 Kf5 46. Rf4+
Kg6 47. Rg4+ Kh5 48. Rd4 g5 0-1

[Event "CAMPIONATUL NATIONAL INDIVIDUAL MASCULI"]
[Site "BAILE OLANESTI"]
[Date "2010.02.01"]
[Round "2.29"]
[White "Carapit, Vasile"]
[Black "Ciobanu, Viorel Adrian"]
[Result "0-1"]
[WhiteElo "1815"]
[BlackElo "2261"]
[PlyCount "34"]
[EventDate "2010.??.??"]

1. e4 e5 2. Nf3 Nc6 3. Bc4 Bc5 4. O-O Nf6 5. d3 d6 6. Bg5 h6 7. Bh4 g5 8. Bg3
h5 9. h4 Bg4 10. hxg5 h4 11. Bh2 Nh7 12. c3 Nxg5 13. Qb3 Nxf3+ 14. Kh1 h3 15.
g3 Bb6 16. Bxf7+ Kf8 17. Bd5 Qf6 0-1

[Event "CAMPIONATUL NATIONAL INDIVIDUA"]
[Site "BAILE OLANESTI"]
[Date "2010.01.31"]
[Round "1.34"]
[White "Ciobanu, Viorel Adrian"]
[Black "Coman, Liviu"]
[Result "1-0"]
[WhiteElo "2261"]
[BlackElo "1839"]
[PlyCount "67"]
[EventDate "2010.01.31"]

1. e4 c5 2. Nf3 d6 3. d4 cxd4 4. Nxd4 Nf6 5. Nc3 a6 6. Bc4 e6 7. Be3 Qc7 8. Qe2
Nc6 9. O-O-O Be7 10. Rhg1 Ne5 11. Bb3 Bd7 12. g4 h5 13. g5 Nfg4 14. f4 Nxe3 15.
Qxe3 Nc4 16. Qe2 Rc8 17. g6 f6 18. f5 Nxb2 19. fxe6 Qxc3 20. exd7+ Kxd7 21. Rg3
Nxd1 22. Rxc3 Nxc3 23. Qf3 Rc5 24. Qh3+ f5 25. Nxf5 Bg5+ 26. Kb2 Nd1+ 27. Kb1
Rc3 28. Qf1 Ne3 29. Nxe3 Bxe3 30. Qf7+ Kc6 31. Qxg7 Rxb3+ 32. cxb3 Rb8 33. Qc3+
Bc5 34. b4 1-0

[Event "TCh-ROU Superliga"]
[Site "Eforie Nord ROU"]
[Date "2009.09.27"]
[Round "9.1"]
[White "Ciobanu, Viorel Adrian"]
[Black "Fressinet, Laurent"]
[Result "0-1"]
[WhiteElo "2280"]
[BlackElo "2658"]
[PlyCount "62"]
[EventDate "2009.09.19"]

1. e4 e5 2. f4 exf4 3. Bc4 d5 4. Bxd5 Nf6 5. Nf3 Nxd5 6. exd5 Qxd5 7. Nc3 Qh5
8. Qe2+ Be7 9. d4 Be6 10. Bxf4 c6 11. d5 cxd5 12. Qb5+ Nc6 13. Qxb7 Rc8 14. O-O
O-O 15. Rae1 Qg6 16. Ne5 Nxe5 17. Qxe7 Nc6 18. Qh4 d4 19. Ne4 Bd5 20. Bg3 Rce8
21. Rf4 f5 22. Ng5 Rxe1+ 23. Bxe1 Bxg2 24. Qxh7+ Qxh7 25. Nxh7 Kxh7 26. Kxg2 g5
27. Rf3 f4 28. Bf2 Kg6 29. c3 Ne5 30. Rh3 d3 31. Be1 Rd8 0-1

[Event "Romanian Teams Championship - "]
[Site "Eforie Nord"]
[Date "2009.09.26"]
[Round "8.1"]
[White "Svetushkin, Dmitry"]
[Black "Ciobanu, Viorel Adrian"]
[Result "1-0"]
[WhiteElo "2570"]
[BlackElo "2280"]
[PlyCount "53"]
[EventDate "2009.09.19"]

1. d4 Nf6 2. c4 g6 3. Nc3 Bg7 4. e4 d6 5. f3 O-O 6. Nge2 Nbd7 7. Be3 e5 8. Qd2
c6 9. d5 c5 10. g4 a6 11. Ng3 b5 12. h4 Nb6 13. h5 Qe7 14. b3 b4 15. Nd1 a5 16.
Rb1 Bd7 17. Bh6 a4 18. Rb2 axb3 19. axb3 Ra3 20. Qg5 Bxh6 21. Qxh6 Na4 22. Rg2
Ne8 23. Nf5 Bxf5 24. gxf5 Rxb3 25. Qxh7+ Kxh7 26. hxg6+ Kg7 27. gxf7+ 1-0

[Event "TCh-ROU Superliga"]
[Site "Eforie Nord ROU"]
[Date "2009.09.25"]
[Round "7.1"]
[White "Ciobanu, Viorel Adrian"]
[Black "Solak, Dragan"]
[Result "0-1"]
[WhiteElo "2280"]
[BlackElo "2583"]
[PlyCount "66"]
[EventDate "2009.09.19"]

1. e4 c5 2. Nf3 e6 3. d4 cxd4 4. Nxd4 a6 5. Nc3 Qc7 6. Be2 b5 7. a3 Bb7 8. O-O
Nf6 9. Re1 d6 10. f4 Be7 11. Bf3 O-O 12. Be3 Nc6 13. Nb3 Nd7 14. Bg4 Bf6 15. e5
dxe5 16. f5 Nd4 17. fxe6 Nxe6 18. Bxe6 fxe6 19. Qg4 Rae8 20. Rad1 Nb6 21. Nc5
Nd5 22. Bf2 Nxc3 23. Rd7 Qc8 24. bxc3 Bd5 25. Re3 Re7 26. Rxe7 Bxe7 27. Rg3 g6
28. Nd3 Qxc3 29. h4 Rxf2 30. Kxf2 e4 31. Nb4 Bc5+ 32. Ke2 Bc4+ 33. Kd1 e3 0-1

[Event "Romanian Teams Championship - "]
[Site "Eforie Nord"]
[Date "2009.09.24"]
[Round "6.1"]
[White "Doncea, Vladimir"]
[Black "Ciobanu, Viorel Adrian"]
[Result "1-0"]
[WhiteElo "2492"]
[BlackElo "2280"]
[PlyCount "127"]
[EventDate "2009.09.19"]

1. Nf3 Nf6 2. g3 d5 3. c4 e6 4. Bg2 c5 5. d4 Nc6 6. O-O Be7 7. cxd5 exd5 8. Nc3
O-O 9. dxc5 Bxc5 10. Bg5 d4 11. Bxf6 Qxf6 12. Nd5 Qf5 13. Nd2 Rd8 14. Nf4 Bb6
15. Be4 Qb5 16. Qc2 h6 17. Bh7+ Kh8 18. Bd3 Qg5 19. Nf3 Qe7 20. Qb3 Qf8 21. h4
Bc7 22. Nd5 Be6 23. Qxb7 Bxd5 24. Qxc7 Rd6 25. Nd2 Rc8 26. Qb7 Rb8 27. Qa6 Rxb2
28. Nc4 Bxc4 29. Qxc4 Ne5 30. Qa4 Qb8 31. Qa3 Nxd3 32. Qxd3 g6 33. Rfc1 h5 34.
Rc4 Kh7 35. Rac1 Qb5 36. a4 Qe5 37. R4c2 Rxc2 38. Rxc2 Rb6 39. Rc4 Rd6 40. Rc7
Rf6 41. Rd7 Kg7 42. Qxd4 Qxd4 43. Rxd4 Re6 44. Kf1 Re7 45. Rd6 Rb7 46. Ra6 Rb1+
47. Kg2 Rb7 48. Kf3 Rc7 49. a5 Rb7 50. e3 Rc7 51. Ke4 Rb7 52. Kd5 Rb2 53. Rxa7
Rxf2 54. a6 Re2 55. Kc5 Ra2 56. Ra8 Ra3 57. Kb4 Rxe3 58. Rc8 Re1 59. a7 Rb1+
60. Ka5 Ra1+ 61. Kb6 Rb1+ 62. Kc6 Rc1+ 63. Kd7 Rd1+ 64. Ke7 1-0

[Event "TCh-ROU Superliga"]
[Site "Eforie Nord ROU"]
[Date "2009.09.23"]
[Round "5.1"]
[White "Ciobanu, Viorel Adrian"]
[Black "Thesing, Matthias"]
[Result "0-1"]
[WhiteElo "2280"]
[BlackElo "2419"]
[PlyCount "96"]
[EventDate "2009.09.19"]

1. e4 c5 2. Nf3 e6 3. d4 cxd4 4. Nxd4 a6 5. Nc3 Qc7 6. Be2 b5 7. a3 Bb7 8. O-O
Nf6 9. Re1 Bc5 10. Bf3 d6 11. Bf4 Qb6 12. Be3 Nbd7 13. Nce2 Ne5 14. b4 Nxf3+
15. gxf3 Bxd4 16. Nxd4 Qc7 17. a4 d5 18. axb5 O-O 19. bxa6 Bxa6 20. b5 Bb7 21.
Rxa8 Rxa8 22. Kh1 dxe4 23. Rg1 g6 24. Nc6 Bxc6 25. bxc6 Qxc6 26. Qd4 e5 27.
Qxe5 Re8 28. Qg5 exf3 29. Bd4 Ne4 30. Qh4 Qxc2 31. h3 Qd3 32. Be3 Nd6 33. Bc5
Nf5 34. Qf6 Qd5 35. Rc1 Rc8 36. Qc3 Nd6 37. Qe3 Ne4 38. Bb6 Nxf2+ 39. Kg1 Rxc1+
40. Qxc1 Ne4 41. Be3 Qd3 42. h4 Qd7 43. Qc2 Qg4+ 44. Kf1 Qh3+ 45. Kg1 Ng3 46.
Qd2 Qh1+ 47. Kf2 Qg2+ 48. Ke1 Qh3 0-1

[Event "Romanian Teams Championship - "]
[Site "Eforie Nord"]
[Date "2009.09.21"]
[Round "3.1"]
[White "Ciobanu, Viorel Adrian"]
[Black "Ionescu, Doru Alexandru"]
[Result "0-1"]
[WhiteElo "2280"]
[BlackElo "2388"]
[PlyCount "70"]
[EventDate "2009.09.19"]

1. e4 c5 2. Nf3 g6 3. d4 Bg7 4. Nc3 Qa5 5. dxc5 Nf6 6. Bd3 Qxc5 7. O-O O-O 8.
Qe2 Nc6 9. Be3 Qh5 10. Rad1 d6 11. Nd5 Bg4 12. h3 Bxf3 13. gxf3 Nxd5 14. exd5
Nb4 15. Kg2 Nxd5 16. Bc4 Nxe3+ 17. fxe3 Rac8 18. Rd5 Qh4 19. f4 Bxb2 20. Rb5
Ba3 21. Rxb7 Bc5 22. Bb3 Bb6 23. Rf3 Rc3 24. Rg3 e6 25. Qd2 Rfc8 26. Rb8 Rxb8
27. Qxc3 d5 28. Qe5 Rc8 29. Qd6 Rc3 30. Qb8+ Kg7 31. Qe5+ Qf6 32. Qxf6+ Kxf6
33. Kf2 h6 34. Ke2 d4 35. Rf3 dxe3 0-1

[Event "TCh-ROU Superliga"]
[Site "Eforie Nord ROU"]
[Date "2009.09.19"]
[Round "1.1"]
[White "Dinu, Dumitru Daniel"]
[Black "Ciobanu, Viorel Adrian"]
[Result "0-1"]
[WhiteElo "2298"]
[BlackElo "2280"]
[PlyCount "101"]
[EventDate "2009.09.19"]

1. d4 Nf6 2. Nf3 g6 3. Bg5 Bg7 4. Nbd2 O-O 5. e4 d6 6. Bc4 a6 7. O-O b5 8. Bb3
Bb7 9. Re1 Nc6 10. c3 e5 11. dxe5 dxe5 12. Qe2 h6 13. Bh4 Qd6 14. Red1 Qc5 15.
Bxf6 Bxf6 16. Bd5 Rae8 17. a4 Kg7 18. axb5 axb5 19. b4 Qb6 20. Nb3 Bc8 21. Nc5
Nb8 22. Ne1 Be7 23. Ned3 Bd6 24. Qa2 c6 25. Bb3 Qd8 26. f3 Qf6 27. Qf2 Nd7 28.
Qe3 Nxc5 29. Nxc5 Rd8 30. Ra7 Bxc5 31. Qxc5 Rxd1+ 32. Bxd1 Rd8 33. Bb3 Be6 34.
Bxe6 Qxe6 35. Re7 Rd1+ 36. Kf2 Rd2+ 37. Ke3 Qa2 38. Qxe5+ Kh7 39. Re8 Re2+ 40.
Kf4 Qd2+ 41. Kg3 Rxg2+ 42. Kh3 Rxh2+ 43. Qxh2 Qd7+ 44. Kg2 Qxe8 45. Qd6 Qe6 46.
Qd4 h5 47. Kg3 g5 48. Kg2 g4 49. e5 gxf3+ 50. Kf2 Qa2+ 51. Ke1 0-1